White metalling; (Record no. 549062)
[ view plain ]
| 000 -LEADER | |
|---|---|
| fixed length control field | 00600cam a22001691 4500 |
| 082 ## - DEWEY DECIMAL CLASSIFICATION NUMBER | |
| Classification number | 669.4 |
| Author Mark | WAR |
| -- | L-8,P-5 |
| 100 1# - MAIN ENTRY--PERSONAL NAME | |
| Personal name | Warburton, H. |
| 9 (RLIN) | 45586 |
| 245 10 - TITLE STATEMENT | |
| Title | White metalling; |
| Remainder of title | the mixing, melting, founding and machining of white metals for bearings, gland packings, etc. |
| Statement of responsibility, etc. | By H. Warburton. |
| 260 ## - PUBLICATION, DISTRIBUTION, ETC. | |
| Place of publication, distribution, etc. | Manchester, |
| Name of publisher, distributor, etc. | Emmott & co. limited, |
| Date of publication, distribution, etc. | 1944. |
| 300 ## - PHYSICAL DESCRIPTION | |
| Extent | 80 p. |
| Other physical details | illus., diagrs. |
| Dimensions | 19 cm. |
| 490 0# - SERIES STATEMENT | |
| Series statement | "Mechanical world" monographs. [17] |
| 526 ## - STUDY PROGRAM INFORMATION NOTE | |
| Program name | 0 |
| Interest level | 0 |
| Reading level | 0 |
| Title point value | 669_400000000000000_WAR |
| 650 #0 - SUBJECT ADDED ENTRY--TOPICAL TERM | |
| Topical term or geographic name entry element | Alloys. |
| 650 #0 - SUBJECT ADDED ENTRY--TOPICAL TERM | |
| Topical term or geographic name entry element | Bearings (Machinery) |
| 9 (RLIN) | 42135 |
| 650 #0 - SUBJECT ADDED ENTRY--TOPICAL TERM | |
| Topical term or geographic name entry element | MCE |
| 9 (RLIN) | 379 |
| 942 ## - ADDED ENTRY ELEMENTS (KOHA) | |
| Source of classification or shelving scheme | |
| Koha item type | Book |
| Withdrawn status | Lost status | Source of classification or shelving scheme | Damaged status | Not for loan | Permanent Location | Current Location | Date acquired | Total Checkouts | Full call number | Barcode | Date last seen | Price effective from | Koha item type |
|---|---|---|---|---|---|---|---|---|---|---|---|---|---|
| Military College of Engineering (MCE) | Military College of Engineering (MCE) | 09/16/2014 | 669.4 WAR | MCE-40930 | 09/16/2014 | 09/16/2014 | Book |
